Central Library OPAC University of Rajshahi

Vegetation and soils : (Record no. 53261)

MARC details
000 -LEADER
fixed length control field 00876nam a2200313 a 4500
001 - CONTROL NUMBER
control field 53261
003 - CONTROL NUMBER IDENTIFIER
rucl marc code BD-RjUL
005 - DATE AND TIME OF LATEST TRANSACTION
control field 20211209075932.0
008 - FIXED-LENGTH DATA ELEMENTS--GENERAL INFORMATION
fixed length control field 161004s1963 iluab b 000 0 eng
035 ## - SYSTEM CONTROL NUMBER
System control number (OCoLC)ocm00552097
System control number (BD-RjUL)53381
040 ## - CATALOGING SOURCE
Original cataloging agency DLC
Transcribing agency WSU
Modifying agency CHS
-- OCL
-- SER
-- OCL
-- ZCU
Language of cataloging eng
041 ## - LANGUAGE CODE
Language code of text/sound track or separate title eng
082 ## - DEWEY DECIMAL CLASSIFICATION NUMBER
Classification number 581.9
Author mark and year EYV 1963
090 ## - LOCALLY ASSIGNED LC-TYPE CALL NUMBER (OCLC); LOCAL CALL NUMBER (OCLC)
Classification number (OCLC) (R) ; Classification number, CALL (RLIN) (NR) QK101
Local cutter number (OCLC) ; Book number/undivided call number, CALL (RLIN) .Ey64
100 1# - MAIN ENTRY--PERSONAL NAME
Personal name Eyre, S. R.
9 (RLIN) 159203
245 10 - TITLE STATEMENT
Title Vegetation and soils :
Remainder of title a world picture /
Statement of responsibility, etc. S. R. Eyre
260 ## - PUBLICATION, DISTRIBUTION, ETC. (IMPRINT)
Place of publication, distribution, etc. Chicago :
Name of publisher, distributor, etc. Aldine Pub. Co.
Date of publication, distribution, etc. [1963]
300 ## - PHYSICAL DESCRIPTION
Pagination xvi, 324 p. :
Illustrations ill. ;
Size 24 cm.
504 ## - BIBLIOGRAPHY, ETC. NOTE
Bibliography, etc Bibliography: p. [309]-310.
650 #0 - SUBJECT ADDED ENTRY--TOPICAL TERM
Topical term or geographic name as entry element Phytogeography.
9 (RLIN) 159204
Topical term or geographic name as entry element Plant ecology.
9 (RLIN) 135339
Topical term or geographic name as entry element Soils.
9 (RLIN) 124380
Topical term or geographic name as entry element Botany
9 (RLIN) 159205
Topical term or geographic name as entry element Ecology
9 (RLIN) 159206
Topical term or geographic name as entry element Soil
9 (RLIN) 159207
942 ## - ADDED ENTRY ELEMENTS (KOHA)
Source of classification or shelving scheme Dewey Decimal Classification
Koha item type Books
Holdings
Lost status Source of classification or shelving scheme Damaged status Not for loan Collection code Permanent Location Current Location Shelving location Date acquired Source of acquisition Total Checkouts Full call number Date last seen Copy number Koha item type Cost, normal purchase price
  Dewey Decimal Classification     Non-fiction Central Library, University of Rajshahi Central Library, University of Rajshahi   05/07/1966 Asia foundation   581.9 EYV 1963 04/10/2016 C-2 Books  
  Dewey Decimal Classification   Not For Loan Non-fiction Central Library, University of Rajshahi Central Library, University of Rajshahi Reading Room 21/03/1964 Zeetlinger   581.9 EYV 1963 22/05/2017 C-1 Books 36.00